000 00440nam a2200169 a 4500
001 4991
003 CO-ViMGA
008 141112s2004 ck r 000 u spa d
040 _aCO-ViMGA
_bspa
_cCO-ViMGA
082 0 4 _a658.785 M158
245 1 0 _aManual de puesto de jefe (gerente)de almacen
260 _aMexico :
_bLimusa,
_c1991
300 _a181 p : il
490 _aSectur limusa
650 1 4 _aALMACEN - GERENCIA
_93190
942 _2ddc
_cBK
999 _c16993
_d16993